<?xml version="1.0" encoding="UTF-8"?>
<record
    xmlns:xsi="http://www.w3.org/2001/XMLSchema-instance"
    xsi:schemaLocation="http://www.loc.gov/MARC21/slim http://www.loc.gov/standards/marcxml/schema/MARC21slim.xsd"
    xmlns="http://www.loc.gov/MARC21/slim">

  <leader>02102nam a2200325Ia 4500</leader>
  <controlfield tag="001">D4970</controlfield>
  <controlfield tag="003">IT-RoPAU</controlfield>
  <controlfield tag="008">130308s9999    xx            000 0 und d</controlfield>
  <datafield tag="040" ind1=" " ind2=" ">
    <subfield code="a">IT-RoPAU</subfield>
  </datafield>
  <datafield tag="040" ind1=" " ind2=" ">
    <subfield code="c">IT-RoPAU</subfield>
  </datafield>
  <datafield tag="041" ind1=" " ind2=" ">
    <subfield code="a">INGLESE</subfield>
  </datafield>
  <datafield tag="100" ind1=" " ind2=" ">
    <subfield code="a">Moores Shaun</subfield>
  </datafield>
  <datafield tag="100" ind1=" " ind2=" ">
    <subfield code="g">Codice Aut. SPICS: 38331</subfield>
  </datafield>
  <datafield tag="242" ind1=" " ind2=" ">
    <subfield code="a">CONSUMO DEI MEDIA (IL). UN APPROCCIO ETNOGRAFICO</subfield>
  </datafield>
  <datafield tag="242" ind1=" " ind2=" ">
    <subfield code="n">Cod. Traduzione Titolo: F1971</subfield>
  </datafield>
  <datafield tag="242" ind1=" " ind2=" ">
    <subfield code="y">ITA</subfield>
  </datafield>
  <datafield tag="245" ind1=" " ind2=" ">
    <subfield code="a">Interpreting Audiences. The Ethnography of Media Consumption</subfield>
  </datafield>
  <datafield tag="245" ind1=" " ind2=" ">
    <subfield code="b">Interpreting Audiences. The Ethnography Of Media Consumption</subfield>
  </datafield>
  <datafield tag="250" ind1=" " ind2=" ">
    <subfield code="a">1a ed.</subfield>
  </datafield>
  <datafield tag="260" ind1=" " ind2=" ">
    <subfield code="a">LONDON</subfield>
  </datafield>
  <datafield tag="260" ind1=" " ind2=" ">
    <subfield code="b">Sage Publications Ltd</subfield>
  </datafield>
  <datafield tag="260" ind1=" " ind2=" ">
    <subfield code="c">1993 [1&#xB0; Ed.:1993 - Ed.Ling.Originale:1993]</subfield>
  </datafield>
  <datafield tag="300" ind1=" " ind2=" ">
    <subfield code="a">"160 p. (prefazione: 6; testo: 154 [pagine: 0-0])"</subfield>
  </datafield>
  <datafield tag="500" ind1=" " ind2=" ">
    <subfield code="a">Interpretazione delle Audiences: Etnografia del consumo dei Media. Approccio al Problema delle Audiences: Etnografia Come un Metodo d'inchiesta Culturale, Modelli di preferenza e Contesti di Consumo. Ideologia Soggettivit&#xE0; e Decodificazione, Modello di codificazione e Decodificazione, Interpretazione delle informazioni televisive e Affari Correnti, Riformulazione di un Ascolto Etnografico. Gusto, Contesto e Pratica Etnografica: Verso un'antropologia dei consumi Quotidiani, Genere Stile e Contesto di Lettura, Potere delle relazioni delle Vedute di Famiglia, Sui Bambini che Guardano la Televisione, Etnografia e politiche di Ricerca. Media tecnologia e Vita Domestica:Conoscenza della tecnologia e Rapporto di Societ&#xE0;, Primi Tampi della Radio e Formazione dell'audience Familiare, televisioni video computers e Telefoni, tecnologie di Consumo: progetto Hict, satellite tv Come Segno Culturale. consumo Culturale: Sociologia del gusto di Pierre Bourdieu, segmentazione del mercato nella sfera Commerciale, Michel De Certau e le Tattiche Dellaresistenza Popolare, Stile Senso e giovane Sottocultura, Creativit&#xE0; e Vincoli nella Vita Quotidiana. Bibliografia.</subfield>
  </datafield>
  <datafield tag="650" ind1=" " ind2=" ">
    <subfield code="a">TEORICHE TELEVISIVE</subfield>
  </datafield>
  <datafield tag="650" ind1=" " ind2=" ">
    <subfield code="e">Codice materia Spics: 6955</subfield>
  </datafield>
  <datafield tag="942" ind1=" " ind2=" ">
    <subfield code="c">BK</subfield>
  </datafield>
  <datafield tag="957" ind1=" " ind2=" ">
    <subfield code="7">1</subfield>
  </datafield>
  <datafield tag="999" ind1=" " ind2=" ">
    <subfield code="c">93934</subfield>
    <subfield code="d">93934</subfield>
  </datafield>
  <datafield tag="999" ind1=" " ind2=" ">
    <subfield code="g">1</subfield>
  </datafield>
  <datafield tag="952" ind1=" " ind2=" ">
    <subfield code="0">0</subfield>
    <subfield code="1">0</subfield>
    <subfield code="4">0</subfield>
    <subfield code="6">D_000000000000000_4970</subfield>
    <subfield code="7">1</subfield>
    <subfield code="a">SPICS</subfield>
    <subfield code="b">SPICS</subfield>
    <subfield code="d">2013-03-08</subfield>
    <subfield code="l">0</subfield>
    <subfield code="o">D4970</subfield>
    <subfield code="r">2013-03-08 00:00:00</subfield>
    <subfield code="w">2013-03-08</subfield>
    <subfield code="y">BK</subfield>
    <subfield code="z">Progressivo inserimento:  44146 /  N. Volumi: 1 Copie: 1  / data import: 1 marzo 2013 - By Epidotti, Trombetti, Vaglietti. </subfield>
  </datafield>
</record>
